| 000 | 00686nam a22002297a 4500 | ||
|---|---|---|---|
| 001 | 24343 | ||
| 003 | BD-RjUL | ||
| 005 | 20211209001035.0 | ||
| 008 | 140313s1967 nyu||||| |||| 001 0 eng d | ||
| 035 | _a(BD-RjUL)24409 | ||
| 040 |
_aBD-RjUL _beng _cBD-RjUL _dBD-RjUL |
||
| 041 | _aeng | ||
| 082 | 0 | 4 |
_a942.01 _bEAS 1967 |
| 100 | 1 |
_a Easton, Stewart C. _974945 |
|
| 245 | 1 | 0 |
_aA survay of ancient medieval and modern history / _cby Stewart C. Easton |
| 260 |
_aNew York : _bBarnes & nobel, _c1967. |
||
| 300 |
_axiii, 402p. ; _c20cm. |
||
| 490 | _aCollege outline | ||
| 500 | _aInclude index | ||
| 650 | 0 |
_aSocial history _x Congresses. _yMedieval, 500-1500 _974946 |
|
| 942 |
_2ddc _cBK |
||
| 999 |
_c24343 _d24343 |
||